[Event "BEL-ch op"]
[Site "Namur"]
[Date "2009.07.11"]
[Round "8"]
[White "Tonoli, Benjamin"]
[Black "De Herdt, Yasseen"]
[Result "1-0"]
[WhiteElo "2183"]
[BlackElo "1938"]
[PlyCount "113"]
[EventDate "2009.07.04"]
[EventType "swiss"]
[EventRounds "9"]
[EventCountry "BEL"]
[SourceTitle "EXT 2010"]
[Source "ChessBase"]
[SourceDate "2010.11.25"]
[SourceVersion "1"]
[SourceVersionDate "2010.11.25"]
[SourceQuality "1"]

1. e4 c5 2. Nf3 e6 3. d4 cxd4 4. Nxd4 Nc6 5. c4 Nf6 6. Nc3 Bb4 7. Nxc6 dxc6 8. Qxd8+ Kxd8 9. e5 Nd7 10. f4 Bxc3+ 11. bxc3 b6 12. Be3 Nc5 13. Bxc5 bxc5 14. 0-0-0+ Kc7 15. Rd2 Rb8 16. Bd3 Ba6 17. h4 Rbd8 18. h5 Rd7 19. Be2 Rxd2 20. Kxd2 Rb8 21. Kc2 Rf8 22. Rh3 f5 23. exf6 Rxf6 24. Rg3 g6 25. hxg6 hxg6 26. Rg4 Bc8 27. Kd2 Kd6 28. Bd3 e5 29. Rxg6 Rxg6 30. fxe5+ Kxe5 31. Bxg6 Kf4 32. Kd3 Bd7 33. Be4 Be8 34. a3 Bd7 35. Bf3 Be8 36. Ke2 Bd7 37. Kf2 Be8 38. g3+ Kf5 39. Ke3 Ke5 40. Be4 Bd7 41. Kf3 a5 42. Bd3 Bc8 43. g4 Be6 44. Kg3 Bd7 45. g5 Bc8 46. g6 Be6 47. g7 Kf6 48. Kf4 Bf7 49. Be4 Kxg7 50. Ke5 Bxc4 51. Bxc6 Bb3 52. Bd5 a4 53. Kd6 Kf8 54. Kxc5 Ke8 55. Bc6+ Kd8 56. Kb6 Kc8 57. Bb5 1-0

[Event "BEL-ch U20"]
[Site "Houffalize"]
[Date "2009.04.19"]
[Round "9"]
[White "Deschepper, Jeroen"]
[Black "De Herdt, Yasseen"]
[Result "1-0"]
[WhiteElo "2054"]
[BlackElo "1941"]
[PlyCount "55"]
[EventDate "2009.04.13"]
[EventType "swiss"]
[EventRounds "9"]
[EventCountry "BEL"]
[SourceTitle "EXT 2012"]
[Source "ChessBase"]
[SourceDate "2011.11.24"]
[SourceVersion "1"]
[SourceVersionDate "2011.11.24"]
[SourceQuality "1"]

1. d4 Nf6 2. Nf3 e6 3. g3 b5 4. Bg2 Bb7 5. 0-0 Be7 6. b3 c5 7. e3 Qc7 8. Bb2 c4 9. a4 cxb3 10. cxb3 bxa4 11. Rxa4 0-0 12. Nbd2 Ba6 13. Re1 Bb5 14. Ra1 d5 15. Ba3 Bxa3 16. Rxa3 Rc8 17. Qa1 Qb6 18. Ne5 Na6 19. Ndc4 Qc7 20. Rxa6 Bxa6 21. Qxa6 dxc4 22. Bxa8 cxb3 23. Bc6 Ng4 24. Be4 b2 25. Nxg4 Qc1 26. Rf1 Re8 27. Qb5 Rf8 28. Ne5 1-0

[Event "BEL-ch U20"]
[Site "Houffalize"]
[Date "2009.04.17"]
[Round "7"]
[White "De Herdt, Yasseen"]
[Black "Beukema, Stefan"]
[Result "1-0"]
[WhiteElo "1941"]
[BlackElo "2007"]
[PlyCount "75"]
[EventDate "2009.04.13"]
[EventType "swiss"]
[EventRounds "9"]
[EventCountry "BEL"]
[SourceTitle "EXT 2012"]
[Source "ChessBase"]
[SourceDate "2011.11.24"]
[SourceVersion "1"]
[SourceVersionDate "2011.11.24"]
[SourceQuality "1"]

1. e4 e5 2. Nf3 Nc6 3. d4 exd4 4. Nxd4 Nf6 5. Nxc6 bxc6 6. e5 Qe7 7. Qe2 Nd5 8. c4 Ba6 9. Qe4 Nf6 10. Qe2 Nd5 11. Qe4 Nb6 12. Nc3 Qb4 13. c5 Nc4 14. a3 Qb3 15. Qd4 Be7 16. Bd3 0-0 17. 0-0 Rad8 18. Re1 Rfe8 19. Re4 d5 20. cxd6 Nxd6 21. exd6 Bf6 22. d7 Re6 23. Qe3 Bxd3 24. Qxd3 Bxc3 25. Rxe6 Qxe6 26. Qxc3 Qxd7 27. Bg5 f6 28. Be3 Qd1+ 29. Qe1 Qb3 30. Qc1 Kh8 31. h3 Qa4 32. Qc5 a6 33. Rc1 h6 34. Qxc6 Rd1+ 35. Kh2 Qxc6 36. Rxc6 Rb1 37. Rxc7 Rxb2 38. Ra7 1-0

[Event "BEL-ch U20"]
[Site "Houffalize"]
[Date "2009.04.16"]
[Round "6"]
[White "Viaene, Arvid"]
[Black "De Herdt, Yasseen"]
[Result "1/2-1/2"]
[WhiteElo "2120"]
[BlackElo "1941"]
[PlyCount "65"]
[EventDate "2009.04.13"]
[EventType "swiss"]
[EventRounds "9"]
[EventCountry "BEL"]
[SourceTitle "EXT 2012"]
[Source "ChessBase"]
[SourceDate "2011.11.24"]
[SourceVersion "1"]
[SourceVersionDate "2011.11.24"]
[SourceQuality "1"]

1. e4 c5 2. Nf3 d6 3. c3 Nf6 4. Be2 b6 5. 0-0 Nbd7 6. d3 Bb7 7. Nbd2 e6 8. Re1 Be7 9. Nf1 0-0 10. Ng3 Qc7 11. Bf1 Rac8 12. Bd2 Qb8 13. d4 d5 14. e5 Ne4 15. Bd3 Rfd8 16. Nxe4 dxe4 17. Bxe4 Bxe4 18. Rxe4 b5 19. Re1 Nb6 20. Be3 b4 21. Qb3 c4 22. Qc2 Nd5 23. Nd2 Qb5 24. Ne4 Rd7 25. a3 a5 26. axb4 axb4 27. Qa4 Qxa4 28. Rxa4 Rb7 29. cxb4 Rxb4 30. Rxb4 Nxb4 31. h3 Nd3 32. Rb1 Rb8 33. Bc1 1/2-1/2